LEADER 00795nam a2200205 i 4500 001 000000246378 003 CaOOAMICUS 005 20151109000000.0 008 151109s1883 it u000 u ita u 013 $a225283 040 $aSeMil$bita 245 10$aSan Carlo :$bcenni intorno alla sua vita. 260 $aMilano :$bTip. arciv. Agnelli,$c1883. 300 $a47 p. ;$c16 cm. 600 04$aBorromeo, Carlo .$0(OLS)http://semarc/subject/690 773 0 $t[San Carlo Borromeo.$w()32790 850 $aSeMil 852 $aSeMil$W1$xVenegono$y1$m3G VII 1/2 FA$j196724$B196724$CSeMilBibl$Z2$F207661 $8I 996 $6245$aSan Carlo :$bcenni intorno alla sua vita$9(OLS)http://semarc/title/348109 996 $6260$aMilano :$bTip. arciv. Agnelli$9(OLS)http://semarc/publisher/55053 LEADER 00507nab a2200157 i 4500 001 000000278910 003 CaOOAMICUS 005 20190521112711.0 008 130405e2012 it fr u0 a0ita r 013 $a30216 040 $aSeMil$bita 245 10$aConfronti di bioetica. 500 $aGennaio-Giugno 2012. - Titolo dalla copertina. 773 0 $t[2012].$dCapua (CE) : Su Ali d'Aquila, 2012.$gNumero 1$w()219716 996 $6245$aConfronti di bioetica$9(OLS)http://semarc/title/362895